000
00254nam a2200097Ia 4500
008
220204s9999 xx 000 0 und d
082
_a
912(100)
_b
COL
245
0
_a
Collins complete world atlas
260
_a
UK
_b
Harper Collins Publishers
_c
2005
942
_c
BK
999
_c
42541
_d
42541